Kayserispor Squad 2023-2024 - Statistics

General Stats
  • This quiz has been taken 11 times
    7 since last reset
  • The average score is 8 of 36
Answer Stats
# Position Nation Player % Correct
25 GK Turkey Bilal Bayazıt
71%
- Coach Turkey Burak Yılmaz
71%
8 MF Turkey Kartal Yılmaz
71%
10 MF Cameroon Olivier Kemen
57%
5 DF Iran Majid Hosseini
43%
10 MF Morocco Mehdi Bourabia
43%
7 MF Portugal Miguel Cardoso
43%
13 FW Cameroon Stéphane Bahoken
43%
6 MF Iran Ali Karimi
29%
17 DF Nigeria Anthony Uzodimma
29%
- Coach Turkey Çağdaş Atan
29%
9 FW Haiti Duckens Nazon
29%
3 DF Ghana Joseph Attamah
29%
9 FW Senegal Mame Thiam
29%
29 MF Uzbekistan Otabek Shukurov
29%
70 FW Portugal Aylton Boa Morte
14%
26 MF Turkey Baran Gezek
14%
20 FW Guinea-Bissau Carlos Mané
14%
4 DF Greece Dimitrios Kolovetsios
14%
16 MF Turkey Eray Özbek
14%
22 FW Turkey Hayrullah Erkip
14%
92 DF Guinea Julian Jeanvier
14%
23 DF France Lionel Carole
14%
14 DF Turkey Muhammed Eren Arıkan
14%
1 GK Turkey Onurcan Piri
14%
28 FW Turkey Ramazan Civelek
14%
- Coach Turkey Recep Uçar
14%
99 FW Turkey Talha Sarıarslan
14%
89 MF Ghana Yaw Ackah
14%
12 GK Turkey Abdulkadir Taşdan
0%
19 DF Turkey Ahmet Kağan Malatyalı
0%
54 DF Turkey Arif Kocaman
0%
11 DF Turkey Gökhan Sazdağı
0%
33 DF Turkey Hasan Ali Kaldırım
0%
39 GK Turkey Şamil Öztürk
0%
21 MF Turkey Yiğit Emre Çeltik
0%
No matching quizzes found
Score Distribution
Percent of People with Each Score
Percentile by Number Answered
Your Score History
You have not taken this quiz since the last reset